Les 7 armes du Cluedo - Statistiques

Statistiques générales
  • Ce quiz a été pris 196 fois
  • Le résultat moyen est 4 sur 7
Statistiques - réponses
Armes % Correct
Chandelier
90%
Corde
85%
Révolver
64%
Poignard
56%
Clé anglaise
32%
Matraque
22%
Flacon de poison
1%
Aucun quiz correspondant
Distribution des résultats
% des personnes avec chaque résultat
Percentile par nombre de réponses
Votre historique - résultats
Vous n’avez pas pris ce quiz